Vulnerabilidad sísmica funcional de la red vial del Área Metropolitana de San José
Salvato in:
| Autore principale: | |
|---|---|
| Altri autori: | |
| Natura: | Libro |
| Pubblicazione: |
[San José], Costa Rica
2011
|
| Soggetti: | |
| Tags: |
Aggiungi Tag
Nessun Tag, puoi essere il primo ad aggiungerne!!
|
MARC
| LEADER | 00000nam a2200000Ia 4500 | ||
|---|---|---|---|
| 003 | 010559 | ||
| 005 | 20240403140100.0 | ||
| 008 | 140114s2011 cr a 000 0 s d | ||
| 040 | |c cru CEDI | ||
| 090 | |a TFG 6396 | ||
| 100 | |a Molina Quesada, Grettel, 1984- |9 2863 | ||
| 245 | |a Vulnerabilidad sísmica funcional de la red vial del Área Metropolitana de San José | ||
| 260 | |a [San José], Costa Rica |c 2011 | ||
| 500 | |a Proyecto de graduación (licenciatura en ingeniería civil)--Universidad de Costa Rica. Facultad de Ingeniería. Escuela de Ingeniería Civil | ||
| 501 | |a Director del Proyecto de Graduación: Ing. William Vargas Monge | ||
| 650 | |x VULNERABILIDAD SISMICA |x DESAMPARADOS (SAN JOSE, COSTA RICA) |x AREA METROPOLITANA DE SAN JOSE (COSTA RICA) |x HOSPITALES |x CARRETERAS |x RUTAS COMERCIALES |x EMERGENCIAS EN DESASTRES |9 2476 | ||
| 700 | |a Vargas Monge, William, 1961- |d Director del TFG |9 546 | ||
| 942 | |c TFG |h TFG 6396 |i 010559 |6 TFG_6396_010559000000000 | ||
| 999 | |c 15795 |d 15795 | ||
